| 000 | 00356nam a2200133Ia 4500 | ||
|---|---|---|---|
| 008 | 230917s9999||||xx |||||||||||||| ||und|| | ||
| 040 |
_e90870 _aMAIN |
||
| 041 | _aEnglish | ||
| 082 | _a616.01 A18B | ||
| 100 | _aAjay Kumar | ||
| 245 | 0 | _aBiochemical finger printing of klebsiella pneumoniae derived from different sources | |
| 300 | _a84 p. | ||
| 942 | _cTH | ||
| 999 |
_c49575 _d49575 |
||